Science Quiz

Random Science or Biology Quiz
Score 0/8 Timer 03:00
11 Plays Today
% Correct
Root
91.3%
Enamel
87%
Blood Vessel
81%
Gum
61.5%
Crown
58%
Dentin
47.6%
Pulp Cavity
40.4%
Cementum
17.2%
Remove Ads.
Support Sporcle.
Get the best of Sporcle when you Go Orange. This ad-free experience offers more features, more stats, and more fun while also helping to support Sporcle. Thank you for becoming a member.

You're not logged in!

Compare scores with friends on all Sporcle quizzes.
OR
Log In

Show Comments

Extras

Top Quizzes Today


Score Distribution

Your Account Isn't Verified!

In order to create a playlist on Sporcle, you need to verify the email address you used during registration. Go to your Sporcle Settings to finish the process.

Report this User

Report this user for behavior that violates our Community Guidelines.

Details: